| 000 | 00643cam a22002411 4500 | ||
|---|---|---|---|
| 001 | sa 65004734 | ||
| 003 | DLC | ||
| 005 | 20260227112133.0 | ||
| 008 | 950308s1961 bg 000 0 beno | ||
| 010 | _asa 65004734 | ||
| 025 | _aPL480:EP-B-762 | ||
| 035 | _a(OCoLC)32111086 | ||
| 040 |
_aDLC _cCU _dCU _dDLC |
||
| 041 | 0 | _abenara | |
| 042 | _apremarc | ||
| 050 | 0 | 0 |
_aBP45 _b.K5 |
| 100 | 1 | _aKhan, Anisuzzaman. | |
| 245 | 1 | 0 | _aāl-Islāma. |
| 260 | _c1961. | ||
| 300 |
_a160 p. _c19 cm. |
||
| 500 | _aCommentary in Bengali; quotations from hadith and Koran in Arabic. | ||
| 650 | 0 |
_aIslamic religious education _vTextbooks for adults. |
|
| 999 |
_c63925 _d63925 |
||